[Event "21st Hoogeveen op"]
[Site "Hoogeveen NED"]
[Date "2017.10.23"]
[Round "3.11"]
[White "Damen, Jip"]
[Black "Maris, Ivo"]
[Result "0-1"]
[WhiteElo "2016"]
[BlackElo "2340"]
[EventDate "2017.10.21"]
[PlyCount "120"]

1.e4 c5 2.Nf3 Nf6 3.d3 d5 4.Nbd2 Nc6 5.g3 g6 6.Bg2 Bg7 7.O-O O-O 8.c3 Re8 
9.Re1 e5 10.exd5 Nxd5 11.Nb3 b6 12.d4 cxd4 13.cxd4 exd4 14.Rxe8+ Qxe8 15.
Nfxd4 Nxd4 16.Bxd5 Bh3 17.Bg5 Ne6 18.Be3 Rd8 19.Qf3 Bxb2 20.Rb1 Bg7 21.Bc6
Qe7 22.Re1 h5 23.Qe2 Qa3 24.Bc1 Qd6 25.Bf3 Bc3 26.Rd1 Qxd1+ 27.Qxd1 Rxd1+ 
28.Bxd1 Kg7 29.f3 f5 30.Kf2 Kf6 31.Be2 g5 32.Bc4 f4 33.Bd2 Be5 34.a4 a5 
35.gxf4 gxf4 36.Nc1 Bd4+ 37.Ke2 Bg1 38.Bxe6 Bxe6 39.Bxf4 Bd7 40.Nd3 Bd4 
41.Be3 Bxe3 42.Kxe3 Bxa4 43.Nf4 Kg5 44.Nd5 Bb3 45.Nxb6 a4 46.Kd3 a3 47.Kc3
Be6 48.Na4 Kf4 49.Nc5 Bf5 50.Nb3 Kxf3 51.Nd4+ Ke4 52.Ne2 h4 53.Ng3+ Kf4 
54.Kb3 Bg4 55.Kxa3 Kf3 56.Kb4 Kg2 57.Kc3 Kxh2 58.Ne4 Bf5 59.Ng5 Kg3 60.Kd2
Kf4 0-1

[Event "21st Hoogeveen op"]
[Site "Hoogeveen NED"]
[Date "2017.10.23"]
[Round "3.12"]
[White "Boer, Bas De"]
[Black "Beerdsen, Thomas"]
[Result "0-1"]
[WhiteElo "2120"]
[BlackElo "2428"]
[EventDate "2017.10.21"]
[PlyCount "66"]

1.d4 Nf6 2.c4 e6 3.Nc3 Bb4 4.Qc2 O-O 5.Nf3 d5 6.cxd5 exd5 7.Bf4 c5 8.dxc5 
Bxc5 9.e3 Nc6 10.Be2 Bg4 11.O-O Rc8 12.Qd1 h6 13.Rc1 Re8 14.h3 Bh5 15.Nb5 
Bf8 16.Nbd4 Ne4 17.Nxc6 Rxc6 18.Nd4 Rxc1 19.Qxc1 Bxe2 20.Nxe2 Qd7 21.Qc7 
Qxc7 22.Bxc7 g5 23.Rd1 Rc8 24.Be5 Rc2 25.Nc3 Bg7 26.Bxg7 Kxg7 27.Nxd5 Nxf2
28.Rd4 Rxb2 29.a4 h5 30.Ne7 g4 31.hxg4 Nxg4 32.Nf5+ Kf6 33.Ng3 Rb1+ 0-1

[Event "21st Hoogeveen op"]
[Site "Hoogeveen NED"]
[Date "2017.10.23"]
[Round "3.13"]
[White "Carlstedt, Jonathan"]
[Black "Klapwijk, Bram"]
[Result "1-0"]
[WhiteElo "2413"]
[BlackElo "2211"]
[EventDate "2017.10.21"]
[PlyCount "69"]

1.d4 Nf6 2.Bf4 b5 3.Qd3 a6 4.e4 Bb7 5.Nd2 e6 6.a4 b4 7.Qe3 d5 8.e5 Nfd7 9.
Nb3 c5 10.dxc5 Qc7 11.Nf3 Nxc5 12.Nbd4 Nbd7 13.a5 h6 14.h4 g6 15.Bd3 Bg7 
16.O-O g5 17.hxg5 hxg5 18.Bxg5 Ne4 19.Bf4 Nxe5 20.Bxe4 dxe4 21.Ng5 Qe7 22.
Rfd1 Bd5 23.Nf5 Nc4 24.Nxg7+ Kf8 25.Qg3 f6 26.Rxd5 exd5 27.N5e6+ Kf7 28.b3
Ne5 29.Nf5 Qa7 30.Be3 Kxe6 31.Bxa7 Kxf5 32.Bd4 Rag8 33.Bxe5 fxe5 34.Qe3 
Rh7 35.f3 1-0

[Event "21st Hoogeveen op"]
[Site "Hoogeveen NED"]
[Date "2017.10.23"]
[Round "3.14"]
[White "Boer, Alef"]
[Black "De Jong, Migchiel"]
[Result "0-1"]
[WhiteElo "2107"]
[BlackElo "2352"]
[EventDate "2017.10.21"]
[PlyCount "72"]

1.e4 e6 2.d4 d5 3.Bd3 c5 4.exd5 exd5 5.Bb5+ Nc6 6.Nf3 Bd6 7.O-O Ne7 8.dxc5
Bxc5 9.Nbd2 O-O 10.Nb3 Bd6 11.Nfd4 Qc7 12.h3 Ne5 13.Be2 a6 14.c3 Bd7 15.f4
Nc4 16.f5 Be5 17.Bg4 Bf6 18.Qf3 Rfe8 19.Qf2 Nc6 20.Bf4 N6e5 21.a4 Nd6 22.
Be2 Ne4 23.Qe3 Qc8 24.g4 h6 25.a5 Nc4 26.Qc1 Bg5 27.Bd3 Bxf4 28.Rxf4 Ng5 
29.Bf1 Qc7 30.h4 Re4 31.Ne2 Rxe2 32.hxg5 Ne3 33.Bxe2 Qxf4 34.Qe1 Nxg4 35.
Qh4 Bxf5 36.Bxg4 hxg5 0-1

[Event "21st Hoogeveen op"]
[Site "Hoogeveen NED"]
[Date "2017.10.23"]
[Round "3.15"]
[White "Okkes, Menno"]
[Black "Sparenberg, Erik"]
[Result "1-0"]
[WhiteElo "2332"]
[BlackElo "2175"]
[EventDate "2017.10.21"]
[PlyCount "97"]

1.Nf3 d5 2.g3 Nf6 3.Bg2 c6 4.O-O Bg4 5.c4 e6 6.d3 dxc4 7.dxc4 Qxd1 8.Rxd1 
Nbd7 9.Bf4 Be7 10.Nc3 Rd8 11.h3 Bh5 12.g4 Bg6 13.Nh4 Nb6 14.Nxg6 hxg6 15.
b3 O-O 16.a4 Na8 17.a5 a6 18.Na2 Rxd1+ 19.Rxd1 Rd8 20.Rxd8+ Bxd8 21.b4 Nc7
22.Nc3 Nce8 23.Ne4 Nxe4 24.Bxe4 Bc7 25.Bd2 Nd6 26.Bd3 Kf8 27.Kg2 Bd8 28.f4
Bf6 29.e4 Bd4 30.e5 Ne8 31.b5 axb5 32.cxb5 cxb5 33.Bb4+ Kg8 34.Be4 Nc7 35.
Bxb7 f6 36.Bd6 Nd5 37.Kf3 b4 38.Bxd5 exd5 39.Bxb4 fxe5 40.fxe5 Kf7 41.Ke2 
Ke6 42.Kd3 Bxe5 43.a6 Bb8 44.Bc5 Kf6 45.a7 Bxa7 46.Bxa7 Kg5 47.Be3+ Kh4 
48.g5 Kxh3 49.Kd4 1-0

[Event "21st Hoogeveen op"]
[Site "Hoogeveen NED"]
[Date "2017.10.23"]
[Round "3.16"]
[White "Colijn, Stefan"]
[Black "Molenaar, Christiaan"]
[Result "1-0"]
[WhiteElo "2308"]
[BlackElo "2112"]
[EventDate "2017.10.21"]
[PlyCount "63"]

1.d4 f5 2.Bg5 Nf6 3.Nc3 d5 4.Bxf6 exf6 5.e3 Be6 6.Qf3 Nc6 7.a3 Qd7 8.h4 
Nd8 9.Nge2 Nf7 10.Nf4 c6 11.Bd3 Nd6 12.Nxe6 Qxe6 13.Qh3 O-O-O 14.O-O-O Re8
15.Rhe1 g6 16.Re2 Ne4 17.Na2 Bh6 18.Kb1 Nd6 19.Qh1 Qd7 20.g3 Qc7 21.Rc1 b5
22.b3 Kd7 23.Ka1 Qa5 24.c4 bxc4 25.bxc4 Qxa3 26.Rc3 Qa5 27.cxd5 cxd5 28.
Rc5 Qb6 29.Rb2 Qd8 30.Qxd5 Ke7 31.Rc6 Qd7 32.Rxd6 1-0

[Event "21st Hoogeveen op"]
[Site "Hoogeveen NED"]
[Date "2017.10.23"]
[Round "3.17"]
[White "Hendriks, Richard V"]
[Black "De Boer, Eelke"]
[Result "1-0"]
[WhiteElo "2087"]
[BlackElo "2301"]
[EventDate "2017.10.21"]
[PlyCount "71"]

1.e4 c5 2.Nf3 d6 3.Nc3 Nf6 4.e5 dxe5 5.Nxe5 Nbd7 6.d4 e6 7.Bb5 a6 8.Bxd7+ 
Nxd7 9.Qh5 g6 10.Qf3 Nxe5 11.dxe5 Bg7 12.Qg3 O-O 13.Bf4 f5 14.h4 b5 15.h5 
Kf7 16.Rd1 Qe8 17.hxg6+ hxg6 18.Bg5 Bb7 19.Rh7 Rh8 20.Rxg7+ Kxg7 21.Bf6+ 
Kg8 22.Bxh8 Kxh8 23.Qh4+ Kg8 24.Rd3 Qf7 25.Qh6 Bc6 26.Rg3 Be8 27.Ne2 Qg7 
28.Qe3 Rc8 29.Nf4 Rc6 30.Nh5 gxh5 31.Rxg7+ Kxg7 32.Qg5+ Kf8 33.Qf6+ Bf7 
34.Qd8+ Be8 35.Ke2 Kf7 36.Ke3 1-0

[Event "21st Hoogeveen op"]
[Site "Hoogeveen NED"]
[Date "2017.10.23"]
[Round "3.18"]
[White "Warakomska, Anna"]
[Black "Schulze, Lara"]
[Result "1/2-1/2"]
[WhiteElo "2295"]
[BlackElo "2091"]
[EventDate "2017.10.21"]
[PlyCount "72"]

1.e4 e6 2.d4 d5 3.Nd2 c5 4.Ngf3 cxd4 5.Nxd4 Nc6 6.Bb5 Bd7 7.Nxc6 bxc6 8.
Bd3 Bd6 9.Nf3 Qc7 10.Qe2 dxe4 11.Qxe4 Nf6 12.Qh4 Qa5+ 13.Bd2 Qh5 14.Qxh5 
Nxh5 15.g3 c5 16.O-O-O Bc6 17.Be2 Nf6 18.Be3 Be7 19.h3 Nd5 20.Bd2 f6 21.
Rhe1 Kf7 22.Ba5 Nb6 23.Nd2 Rhd8 24.Bd3 g6 25.Re3 e5 26.Rde1 Rd7 27.R3e2 
Bf8 28.Nc4 Bh6+ 29.Kb1 Bd5 30.Bxb6 axb6 31.Nxb6 Bxa2+ 32.Ka1 Bb3+ 33.Nxa8 
Ra7+ 34.Kb1 Ba2+ 35.Ka1 Bb3+ 36.Kb1 Ba2+ 1/2-1/2

[Event "21st Hoogeveen op"]
[Site "Hoogeveen NED"]
[Date "2017.10.23"]
[Round "3.19"]
[White "Nicolai, Amir"]
[Black "Paszewski, Mateusz"]
[Result "0-1"]
[WhiteElo "2019"]
[BlackElo "2289"]
[EventDate "2017.10.21"]
[PlyCount "42"]

1.d4 Nf6 2.Nf3 d5 3.c4 e6 4.Nc3 c6 5.Bg5 dxc4 6.e4 b5 7.e5 h6 8.Bh4 g5 9.
Nxg5 hxg5 10.Bxg5 Nbd7 11.Qf3 Bb7 12.O-O-O Qa5 13.Bxf6 Nxf6 14.Qxf6 Rh6 
15.Qf4 b4 16.Ne4 Qxa2 17.Nd6+ Bxd6 18.exd6 c3 19.Kc2 Qxb2+ 20.Kd3 c2 21.
Be2 Qb3+ 0-1

[Event "21st Hoogeveen op"]
[Site "Hoogeveen NED"]
[Date "2017.10.23"]
[Round "3.20"]
[White "Wempe, Joost"]
[Black "Roebers, Jan"]
[Result "1/2-1/2"]
[WhiteElo "2289"]
[BlackElo "2086"]
[EventDate "2017.10.21"]
[PlyCount "107"]

1.d4 Nf6 2.c4 g6 3.Nc3 Bg7 4.e4 d6 5.Nf3 O-O 6.Be2 Na6 7.O-O e5 8.d5 Nc5 
9.Nd2 a5 10.Rb1 Ne8 11.b3 f5 12.a3 Bd7 13.b4 axb4 14.axb4 Na4 15.Qb3 Nxc3 
16.Qxc3 Nf6 17.c5 fxe4 18.Qb3 Bf5 19.Rb2 Kh8 20.Rd1 e3 21.fxe3 e4 22.Nf1 
Bg4 23.Ng3 Bxe2 24.Rxe2 Ng4 25.Nxe4 Nxh2 26.Nf2 Qh4 27.e4 Rf3 28.Rd3 Raf8 
29.Rxf3 Rxf3 30.Qa2 Rf8 31.Bb2 Bxb2 32.Qxb2+ Kg8 33.Qc3 Ng4 34.Nh3 Ne5 35.
cxd6 cxd6 36.Qe3 Nf3+ 37.gxf3 Qxh3 38.Kf2 Qh4+ 39.Kg2 Qf4 40.Qxf4 Rxf4 41.
Rc2 g5 42.Kg3 h5 43.b5 h4+ 44.Kg2 Kg7 45.Rc7+ Kg6 46.Rxb7 g4 47.fxg4 Rxg4+
48.Kh3 Rxe4 49.Rd7 Rb4 50.Rxd6+ Kf5 51.Rh6 Rxb5 52.d6 Rb3+ 53.Kxh4 Rd3 54.
Rh5+ 1/2-1/2

[Event "21st Hoogeveen op"]
[Site "Hoogeveen NED"]
[Date "2017.10.23"]
[Round "3.21"]
[White "Pham, Khoi"]
[Black "Schippers, Maurice"]
[Result "0-1"]
[WhiteElo "1859"]
[BlackElo "2289"]
[EventDate "2017.10.21"]
[PlyCount "92"]

1.e4 e6 2.d4 d5 3.Nc3 dxe4 4.Nxe4 Nd7 5.Nf3 Ngf6 6.Bd3 Nxe4 7.Bxe4 Nf6 8.
Bd3 Be7 9.O-O O-O 10.Bf4 b6 11.Ne5 Bb7 12.c4 c5 13.dxc5 Bxc5 14.Qc2 h6 15.
Rad1 Qe7 16.Kh1 Rad8 17.f3 Nh5 18.Bd2 a5 19.Bh7+ Kh8 20.Bg6 Bd6 21.Bxh5 
Qh4 22.Bc3 Qxh5 23.Ng4 Qg5 24.Rfe1 h5 25.Ne5 Kg8 26.Re2 Qe7 27.Rde1 Qh4 
28.Rd1 Bc7 29.Rxd8 Rxd8 30.Be1 Qd4 31.Bc3 Qd1+ 32.Qxd1 Rxd1+ 33.Be1 h4 34.
Kg1 f6 35.Ng4 Kf7 36.Kf2 Bd6 37.Rd2 Rxd2+ 38.Bxd2 f5 39.Ne3 Bxh2 40.Nc2 
Bg3+ 41.Ke2 Kf6 42.Be3 Bc7 43.Na3 Bc6 44.Nb5 Bxb5 45.cxb5 g5 46.Kd3 g4 0-1

[Event "21st Hoogeveen op"]
[Site "Hoogeveen NED"]
[Date "2017.10.23"]
[Round "3.22"]
[White "Kotyk, Michael"]
[Black "Strating, Sybolt"]
[Result "0-1"]
[WhiteElo "1921"]
[BlackElo "2262"]
[EventDate "2017.10.21"]
[PlyCount "92"]

1.d4 d5 2.c4 c6 3.cxd5 cxd5 4.Bf4 Nc6 5.e3 Nf6 6.Nc3 a6 7.Bd3 e6 8.Rc1 Bd6
9.Bxd6 Qxd6 10.f4 Ne7 11.Nf3 Nf5 12.Qe2 Bd7 13.Ne5 h5 14.Bxf5 exf5 15.O-O 
O-O 16.Qf3 g6 17.Qg3 Kg7 18.h3 Rac8 19.Qg5 Rh8 20.Qg3 Rc7 21.Rc2 Rhc8 22.
Rfc1 Ba4 23.b3 Be8 24.Qf2 Qb4 25.Nd3 Qe7 26.Ne5 Qa3 27.Kh2 Qa5 28.Na4 Ne4 
29.Rxc7 Rxc7 30.Qb2 Bxa4 31.bxa4 Nd6 32.Qa3 Rxc1 33.Qxd6 Qc7 34.Qxd5 Rc2 
35.Kg3 Qe7 36.Qb3 Rc7 37.Nf3 Rc8 38.h4 f6 39.d5 Kh6 40.Nd4 Qe4 41.Qxb7 
Qxe3+ 42.Nf3 Rc2 43.Kh3 Qf2 44.Ne1 Qxe1 45.Qb3 Qh1+ 46.Kg3 Qxg2# 0-1

[Event "21st Hoogeveen op"]
[Site "Hoogeveen NED"]
[Date "2017.10.23"]
[Round "3.23"]
[White "O'Gorman, Tom"]
[Black "Taams, Sander"]
[Result "1-0"]
[WhiteElo "2240"]
[BlackElo "1954"]
[EventDate "2017.10.21"]
[PlyCount "103"]

1.e4 c5 2.Nf3 d6 3.d4 cxd4 4.Nxd4 Nf6 5.Nc3 a6 6.Bg5 Nbd7 7.Qe2 h6 8.Bh4 
g6 9.f4 e5 10.fxe5 dxe5 11.O-O-O Qc7 12.Nb3 Bg7 13.Nd5 Nxd5 14.exd5 Qd6 
15.Nd2 Qxd5 16.Nc4 Qe6 17.Nd6+ Kf8 18.Qd2 Qxa2 19.Qb4 a5 20.Qc4 Qxc4 21.
Bxc4 g5 22.Bf2 Bf6 23.Bb5 Kg7 24.Nxc8 Rhxc8 25.Rxd7 a4 26.Kd2 a3 27.bxa3 
Rxa3 28.Bd3 e4 29.Bxe4 Re8 30.Rd4 Bxd4 31.Bxd4+ f6 32.Bxb7 Kg6 33.Rb1 Rd8 
34.c3 f5 35.Rb6+ Kh5 36.Kc2 Ra2+ 37.Kb3 Ra1 38.Kc4 Ra4+ 39.Kb5 Raxd4 40.
cxd4 Rxd4 41.Rf6 Rf4 42.Kc5 g4 43.Kd6 Kg5 44.Rf8 Rf2 45.Ke6 Re2+ 46.Kf7 f4
47.Rg8+ Kh4 48.Rxg4+ Kh5 49.Rxf4 Kg5 50.Ra4 Re5 51.h4+ Kf5 52.g4# 1-0

[Event "21st Hoogeveen op"]
[Site "Hoogeveen NED"]
[Date "2017.10.23"]
[Round "3.24"]
[White "De Graaf, Dick"]
[Black "Van Foreest, Machteld"]
[Result "0-1"]
[WhiteElo "2178"]
[BlackElo "1829"]
[EventDate "2017.10.21"]
[PlyCount "58"]

1.e4 c5 2.b4 d5 3.bxc5 dxe4 4.Bb2 e6 5.d4 exd3 6.Bxd3 Nf6 7.Nf3 Bxc5 8.O-O
O-O 9.Nbd2 Nc6 10.Nb3 Be7 11.Qe2 Nb4 12.Bc4 Nc6 13.Nbd4 Nxd4 14.Bxd4 b6 
15.Rad1 Qc7 16.Ne5 Bb7 17.Bd3 Rfd8 18.Bb2 Bd6 19.f4 Nd5 20.Kh1 Bc5 21.Rf3 
f6 22.Bxh7+ Kxh7 23.Rh3+ Kg8 24.Ng6 Ne3 25.Rxd8+ Rxd8 26.Rxe3 Bxe3 27.Qh5 
Qxc2 28.Ne7+ Kf8 29.Qh8+ Kf7 0-1

[Event "21st Hoogeveen op"]
[Site "Hoogeveen NED"]
[Date "2017.10.23"]
[Round "3.25"]
[White "Lindeman, Johan W"]
[Black "Videnova, Iva"]
[Result "0-1"]
[WhiteElo "2004"]
[BlackElo "2326"]
[EventDate "2017.10.21"]
[PlyCount "50"]

1.e4 c5 2.c3 Nf6 3.e5 Nd5 4.d4 cxd4 5.cxd4 d6 6.Nf3 Nc6 7.Bc4 dxe5 8.Bxd5 
Qxd5 9.Nc3 Qd6 10.dxe5 Qxd1+ 11.Nxd1 Bg4 12.Bf4 Bxf3 13.gxf3 Nd4 14.Rc1 g5
15.Bg3 Nxf3+ 16.Ke2 Nd4+ 17.Ke3 Nc6 18.Nc3 Bg7 19.Nb5 O-O 20.Nc7 Rad8 21.
f4 Rd7 22.Nb5 a6 23.Nc3 gxf4+ 24.Bxf4 Nxe5 25.Rhg1 Ng6 0-1

[Event "21st Hoogeveen op"]
[Site "Hoogeveen NED"]
[Date "2017.10.23"]
[Round "3.26"]
[White "Kouwenhoven, Derk"]
[Black "French, Max"]
[Result "1-0"]
[WhiteElo "2028"]
[BlackElo "1991"]
[EventDate "2017.10.21"]
[PlyCount "121"]

1.e4 c6 2.d4 d5 3.e5 c5 4.dxc5 Nc6 5.Nf3 Bg4 6.Bb5 Qa5+ 7.Nc3 e6 8.Be3 Ne7
9.a3 Nf5 10.b4 Qc7 11.Bd4 Be7 12.h3 Bxf3 13.gxf3 Nxd4 14.Qxd4 f6 15.Bxc6+ 
Qxc6 16.f4 Rc8 17.Ne2 b6 18.cxb6 axb6 19.c3 Qb5 20.a4 Qc4 21.Qxc4 Rxc4 22.
a5 bxa5 23.bxa5 Kf7 24.Kd2 Bc5 25.f3 Rc8 26.Rhb1 Ba7 27.Rb7+ R8c7 28.a6 
Ke7 29.Nd4 Bxd4 30.Rxc7+ Rxc7 31.cxd4 Ra7 32.Kc3 fxe5 33.fxe5 Kd7 34.Kb4 
Kc7 35.Kb5 Kb8 36.Kb6 Rf7 37.a7+ Ka8 38.Ra3 g6 39.Kc6 Rb7 40.h4 Rb4 41.Kd7
Rb6 42.f4 h6 43.h5 g5 44.fxg5 hxg5 45.h6 g4 46.h7 Rb7+ 47.Kxe6 Rxh7 48.Rg3
Kxa7 49.Rxg4 Kb6 50.Kxd5 Kc7 51.Ke4 Kd7 52.d5 Ke7 53.d6+ Kd7 54.Kd5 Rh5 
55.Rg7+ Ke8 56.d7+ Kd8 57.Kd6 Rg5 58.Rf7 Rg6+ 59.e6 Rf6 60.Rf8+ Rxf8 61.
e7# 1-0

[Event "21st Hoogeveen op"]
[Site "Hoogeveen NED"]
[Date "2017.10.23"]
[Round "3.27"]
[White "Weihrauch, Jakob"]
[Black "Henseler, Jorgen"]
[Result "1/2-1/2"]
[WhiteElo "1901"]
[BlackElo "2026"]
[EventDate "2017.10.21"]
[PlyCount "68"]

1.e4 c5 2.Nf3 d6 3.d4 cxd4 4.Nxd4 Nf6 5.Nc3 a6 6.h3 e6 7.g4 Be7 8.g5 Nfd7 
9.h4 b5 10.a3 Nb6 11.Bg2 Bb7 12.Qe2 N8d7 13.f4 Qc7 14.h5 O-O-O 15.Bh3 Kb8 
16.Bd2 Nc4 17.O-O-O Nxd2 18.Qxd2 Nc5 19.Qe3 g6 20.hxg6 hxg6 21.Bg4 Rde8 
22.Nf3 Rc8 23.Rxh8 Rxh8 24.Qd4 Rd8 25.Kb1 Bc6 26.Re1 Qb7 27.Re3 d5 28.exd5
Bxd5 29.Nxd5 Rxd5 30.Qh8+ Rd8 31.Qe5+ Bd6 32.Qf6 Rd7 33.Qh8+ Qc8 34.Qd4 
Qd8 1/2-1/2

[Event "21st Hoogeveen op"]
[Site "Hoogeveen NED"]
[Date "2017.10.23"]
[Round "3.28"]
[White "Mellema, Andries"]
[Black "Aan, Sikka"]
[Result "0-1"]
[WhiteElo "2164"]
[BlackElo "1918"]
[EventDate "2017.10.21"]
[PlyCount "60"]

1.Nc3 c5 2.e4 Nc6 3.Nf3 g6 4.d4 cxd4 5.Nxd4 Bg7 6.Be3 Nf6 7.Bc4 Qa5 8.O-O 
O-O 9.Bb3 d6 10.h3 Bd7 11.f4 Nxd4 12.Bxd4 Bc6 13.Qd3 Nd7 14.Bxg7 Kxg7 15.
Kh1 Qc5 16.Rae1 Rad8 17.Nd5 e6 18.c4 exd5 19.exd5 Rfe8 20.dxc6 bxc6 21.Rd1
Nf6 22.Qc3 Re3 23.Rd3 Rxd3 24.Qxd3 Re8 25.Rd1 Qf2 26.Ba4 Re3 27.Rf1 Qg3 
28.Qxd6 Ne4 29.Qe5+ Kh6 30.Bxc6 Nf2+ 0-1

[Event "21st Hoogeveen op"]
[Site "Hoogeveen NED"]
[Date "2017.10.23"]
[Round "3.29"]
[White "Fehr, Axel"]
[Black "Kutchoukov, Daniel"]
[Result "1-0"]
[WhiteElo "2081"]
[BlackElo "1913"]
[EventDate "2017.10.21"]
[PlyCount "45"]

1.d4 Nf6 2.Bf4 g6 3.Nc3 Bg7 4.e4 d6 5.Qd2 Nbd7 6.O-O-O O-O 7.Bh6 c5 8.Bxg7
Kxg7 9.e5 dxe5 10.dxe5 Ng4 11.f4 Qa5 12.h3 Nh6 13.g4 Rb8 14.Bb5 Nb6 15.f5 
f6 16.Nf3 Nf7 17.exf6+ exf6 18.Qf4 Ra8 19.Rhe1 a6 20.Bf1 Bd7 21.Re7 Bc6 
22.fxg6 hxg6 23.Rd6 1-0

[Event "21st Hoogeveen op"]
[Site "Hoogeveen NED"]
[Date "2017.10.23"]
[Round "3.30"]
[White "Duson, Robin"]
[Black "Bekedam, Tyro"]
[Result "0-1"]
[WhiteElo "1890"]
[BlackElo "2037"]
[EventDate "2017.10.21"]
[PlyCount "72"]

1.e4 e6 2.d4 d5 3.Nc3 Nf6 4.e5 Nfd7 5.f4 c5 6.Nf3 Nc6 7.Be3 Be7 8.Qd2 O-O 
9.O-O-O a6 10.dxc5 Bxc5 11.Bxc5 Nxc5 12.Nd4 Qc7 13.Qf2 Nxd4 14.Qxd4 b5 15.
Bd3 Rb8 16.a3 Bd7 17.b4 Na4 18.Nxa4 bxa4 19.Bxa6 Bb5 20.Bxb5 Rxb5 21.Rd3 
Rc8 22.c3 Rb6 23.Kd2 Rc6 24.Rc1 Rc4 25.Qe3 Re4 26.Qf3 Qc4 27.g3 Qa2+ 28.
Rc2 Qxa3 29.Qf2 Rxb4 30.Qa7 Rbc4 31.Qb6 h6 32.h3 R4c6 33.Qa7 Qb3 34.h4 a3 
35.h5 Rc4 36.Qa5 Ra4 0-1

[Event "21st Hoogeveen op"]
[Site "Hoogeveen NED"]
[Date "2017.10.23"]
[Round "3.31"]
[White "Engel, Robert"]
[Black "Den Dunnen, Lola"]
[Result "1/2-1/2"]
[WhiteElo "1973"]
[BlackElo "1862"]
[EventDate "2017.10.21"]
[PlyCount "73"]

1.e4 e5 2.Nf3 Nc6 3.Nc3 Nf6 4.Be2 Be7 5.d4 d6 6.h3 O-O 7.O-O Re8 8.Re1 Bf8
9.Bb5 a6 10.Bxc6 bxc6 11.dxe5 dxe5 12.Qxd8 Rxd8 13.Nxe5 Bb7 14.Bf4 Nh5 15.
Be3 Bb4 16.Nd3 a5 17.a3 Bxc3 18.bxc3 Ba6 19.Nc5 Bc4 20.Rab1 Rdb8 21.e5 g6 
22.g4 Ng7 23.Nd7 Rxb1 24.Nf6+ Kh8 25.Rxb1 Ne6 26.f4 Bb5 27.Rd1 Rd8 28.
Rxd8+ Nxd8 29.f5 gxf5 30.gxf5 Ba4 31.Ne8 Bxc2 32.Bg5 Nb7 33.e6 fxe6 34.
fxe6 Bg6 35.Nxc7 Nd6 36.Kf2 Ne4+ 37.Ke3 1/2-1/2

[Event "21st Hoogeveen op"]
[Site "Hoogeveen NED"]
[Date "2017.10.23"]
[Round "4.1"]
[White "Saduakassova, Dinara"]
[Black "Ernst, Sipke"]
[Result "1-0"]
[WhiteElo "2448"]
[BlackElo "2548"]
[EventDate "2017.10.21"]
[PlyCount "103"]

1.d4 Nf6 2.c4 e6 3.Nc3 Bb4 4.Qc2 d5 5.cxd5 Qxd5 6.e3 O-O 7.Nf3 c5 8.Bd2 
Qd8 9.a3 cxd4 10.axb4 dxc3 11.bxc3 b6 12.Be2 Bb7 13.O-O Nbd7 14.Ra2 Bd5 
15.c4 Be4 16.Qb2 Qc7 17.Nd4 Bb7 18.Nb5 Qb8 19.f3 a6 20.Nd4 Qc7 21.Rc1 Rfc8
22.Qa3 g6 23.Rac2 e5 24.Nb3 Bc6 25.Qa1 Ne8 26.Ra2 Bb7 27.e4 Ng7 28.c5 b5 
29.Na5 Ne6 30.Be3 Nd8 31.Rd1 Nc6 32.Nxc6 Bxc6 33.Rd6 Qb7 34.Bd1 a5 35.bxa5
Ra6 36.Bb3 Rca8 37.Bh6 Qa7 38.Be3 Qc7 39.Qc3 Kg7 40.f4 Re8 41.fxe5 Nxe5 
42.Rf2 Kg8 43.Bd4 Nc4 44.Bxc4 bxc4 45.Bh8 f5 46.Qxc4+ Kxh8 47.Qxa6 Bxe4 
48.Qb6 Qe7 49.Qb2+ Kg8 50.Qd4 Rc8 51.Rd7 Qf8 52.Rd2 1-0

[Event "21st Hoogeveen op"]
[Site "Hoogeveen NED"]
[Date "2017.10.23"]
[Round "4.2"]
[White "Pruijssers, Roeland"]
[Black "Gritsak, Orest"]
[Result "1/2-1/2"]
[WhiteElo "2512"]
[BlackElo "2468"]
[EventDate "2017.10.21"]
[PlyCount "46"]

1.e4 c5 2.Nf3 d6 3.d4 cxd4 4.Nxd4 Nf6 5.Nc3 a6 6.Be3 e6 7.f4 b5 8.a3 Bb7 
9.Bd3 Nbd7 10.O-O Rc8 11.Qf3 Nc5 12.Rae1 Be7 13.Kh1 h5 14.Bg1 g6 15.Qh3 
Qd7 16.Nf3 Ng4 17.f5 gxf5 18.exf5 e5 19.Bxc5 Rxc5 20.Ne4 Bxe4 21.Rxe4 Bf6 
22.Nd2 d5 23.Ree1 Kf8 1/2-1/2

[Event "21st Hoogeveen op"]
[Site "Hoogeveen NED"]
[Date "2017.10.23"]
[Round "4.3"]
[White "Xu Xiangyu"]
[Black "Uksini, Bardhyl"]
[Result "1-0"]
[WhiteElo "2549"]
[BlackElo "2363"]
[EventDate "2017.10.21"]
[PlyCount "47"]

1.c4 g6 2.e4 e5 3.d4 Nf6 4.Nf3 exd4 5.e5 Ne4 6.Qxd4 Bb4+ 7.Nbd2 Nxd2 8.
Bxd2 Nc6 9.Qf4 Bxd2+ 10.Qxd2 Qe7 11.O-O-O O-O 12.Qf4 Re8 13.Re1 Nd8 14.Bd3
Ne6 15.Qg3 b5 16.cxb5 a6 17.b6 cxb6 18.h4 Bb7 19.Ng5 Rac8+ 20.Kb1 Bd5 21.
a3 b5 22.f4 b4 23.a4 b3 24.Nxh7 1-0

[Event "21st Hoogeveen op"]
[Site "Hoogeveen NED"]
[Date "2017.10.23"]
[Round "4.4"]
[White "Maris, Ivo"]
[Black "Kollars, Dmitrij"]
[Result "1/2-1/2"]
[WhiteElo "2340"]
[BlackElo "2498"]
[EventDate "2017.10.21"]
[PlyCount "55"]

1.d4 d5 2.Bf4 Nf6 3.e3 c5 4.Nd2 Qb6 5.dxc5 Qxb2 6.Ngf3 Nc6 7.Rb1 Qc3 8.Bb5
e6 9.O-O Be7 10.Ne5 Bd7 11.Nd3 Qa5 12.c4 O-O 13.cxd5 Nxd5 14.Nc4 Qd8 15.
Bxc6 Bxc6 16.Be5 f6 17.Ba1 b5 18.cxb6 Nxb6 19.Nxb6 axb6 20.Qg4 Bd5 21.Nf4 
e5 22.Ne6 Bxe6 23.Qxe6+ Kh8 24.Rxb6 Re8 25.Ra6 Bf8 26.Qc4 Rxa6 27.Qxa6 Qd5
28.Qa4 1/2-1/2

[Event "21st Hoogeveen op"]
[Site "Hoogeveen NED"]
[Date "2017.10.23"]
[Round "4.5"]
[White "Hilwerda, Jonas"]
[Black "Schoppen, Casper"]
[Result "0-1"]
[WhiteElo "2216"]
[BlackElo "2440"]
[EventDate "2017.10.21"]
[PlyCount "78"]

1.d4 Nf6 2.Nc3 e6 3.e4 d5 4.e5 Nfd7 5.Nce2 c5 6.c3 Nc6 7.f4 Be7 8.Nf3 O-O 
9.g3 b5 10.Bh3 b4 11.O-O bxc3 12.bxc3 Nb6 13.g4 cxd4 14.cxd4 f6 15.Ng3 
fxe5 16.dxe5 Ba6 17.Re1 Bb4 18.Bd2 Bxd2 19.Qxd2 Nc4 20.Qc1 Qb6+ 21.Kh1 
Rae8 22.f5 exf5 23.Nxf5 N6xe5 24.Nxe5 Nxe5 25.Qg5 Ng6 26.Bg2 d4 27.Ne7+ 
Nxe7 28.Rxe7 Rxe7 29.Qxe7 Bc4 30.Qe5 Kh8 31.Be4 Qb2 32.Rg1 Qf2 33.Qh5 Bg8 
34.Bd5 Rf5 35.Qxf5 Qxf5 36.gxf5 Bxd5+ 37.Rg2 d3 38.Kg1 Bxg2 39.Kxg2 d2 0-1

[Event "21st Hoogeveen op"]
[Site "Hoogeveen NED"]
[Date "2017.10.23"]
[Round "4.6"]
[White "Tania, Sachdev"]
[Black "Van Dael, Siem"]
[Result "1/2-1/2"]
[WhiteElo "2386"]
[BlackElo "2286"]
[EventDate "2017.10.21"]
[PlyCount "120"]

1.d4 Nf6 2.c4 g6 3.Nc3 Bg7 4.e4 d6 5.f3 O-O 6.Nge2 c5 7.d5 e6 8.Ng3 exd5 
9.cxd5 a6 10.a4 h5 11.Bg5 Nbd7 12.Be2 Qc7 13.O-O c4 14.Be3 Rb8 15.Qd2 h4 
16.Nh1 Nc5 17.Ra3 b5 18.axb5 axb5 19.b4 Nb3 20.Qe1 Nd7 21.Bd1 h3 22.gxh3 
Ne5 23.Nf2 f5 24.f4 Nf7 25.Bxb3 cxb3 26.Rxb3 Qc4 27.Qb1 fxe4 28.Rc1 Bf5 
29.Ra3 Rfc8 30.Qb3 Qxb3 31.Rxb3 Rc4 32.Ne2 Rbc8 33.Rd1 Rc2 34.Ng3 R8c4 35.
Nf1 Nh6 36.Nd2 R4c3 37.Rxc3 Rxc3 38.Re1 Ra3 39.Kf1 Bc3 40.Nb1 Bxe1 41.Nxa3
Bxf2 42.Kxf2 Bxh3 43.Ba7 Bd7 44.Ke3 Ng4+ 45.Kxe4 Kf7 46.Bg1 Ke7 47.Kd4 Kf7
48.Nb1 Nh6 49.Nc3 Nf5+ 50.Kd3 Nh6 51.Ne4 Bf5 52.Kd4 Bxe4 53.Kxe4 Ng4 54.h3
Nf6+ 55.Kd4 Nh5 56.Be3 Ng3 57.Kd3 Nh5 58.Bd2 Nf6 59.Kd4 Nh5 60.Be3 Ng3 
1/2-1/2

[Event "21st Hoogeveen op"]
[Site "Hoogeveen NED"]
[Date "2017.10.23"]
[Round "4.7"]
[White "Paszewski, Mateusz"]
[Black "Kuljasevic, Davorin"]
[Result "0-1"]
[WhiteElo "2289"]
[BlackElo "2549"]
[EventDate "2017.10.21"]
[PlyCount "64"]

1.e4 e5 2.Nf3 Nc6 3.Bc4 Bc5 4.O-O Nf6 5.d3 d6 6.c3 a6 7.a4 Ba7 8.Re1 Ng4 
9.Re2 Qf6 10.Na3 O-O 11.Nc2 Qg6 12.Kf1 Kh8 13.h3 Nh6 14.Ne3 Qh5 15.Re1 f5 
16.Nd2 Qg6 17.b4 Ne7 18.Ra2 Bd7 19.Nd5 fxe4 20.Nxe4 Nxd5 21.Bxd5 c6 22.Bb3
Nf5 23.g4 Nh4 24.Ng3 Nf3 25.Ree2 h5 26.Be3 hxg4 27.Bxa7 Rxa7 28.Re3 Raa8 
29.hxg4 Bxg4 30.Qc1 Qh6 31.Bd1 Qh3+ 32.Ke2 Rf4 0-1

[Event "21st Hoogeveen op"]
[Site "Hoogeveen NED"]
[Date "2017.10.23"]
[Round "4.8"]
[White "Beerdsen, Thomas"]
[Black "O'Gorman, Tom"]
[Result "1-0"]
[WhiteElo "2428"]
[BlackElo "2240"]
[EventDate "2017.10.21"]
[PlyCount "57"]

1.e4 c5 2.Nf3 d6 3.d4 cxd4 4.Nxd4 Nf6 5.Nc3 a6 6.Bc4 e6 7.Be3 Nbd7 8.O-O 
Nc5 9.f3 Qc7 10.a4 Be7 11.Ba2 O-O 12.g4 Bd7 13.g5 Ne8 14.f4 b5 15.f5 b4 
16.fxe6 fxe6 17.Nd5 Qd8 18.Nxe7+ Qxe7 19.Rxf8+ Qxf8 20.Qg4 Kh8 21.Rf1 Qe7 
22.Qh4 Nc7 23.Ne2 Bc6 24.Ng3 Bxa4 25.Bd4 Rf8 26.Rxf8+ Qxf8 27.g6 Qg8 28.
Nf5 Ne8 29.Nh6 1-0